Canales de marketing y distribución comercial : el más práctico y efectivo sistema gerencial pra el manejo integrado y relacional de los canales de marketing /

Guardado en:
Bibliografiske detaljer
Hovedforfatter: Pelton, Lou E. (autor)
Andre forfattere: Strutton, David (autor) (autor), Lumpkin, James R. (autor) (autor)
Format: Bog
Sprog:spansk
Udgivet: Bogotá, Colombia : McGraw-Hill : Irwin, 1999, c1999
Fag:
Tags: Tilføj Tag
Ingen Tags, Vær først til at tagge denne postø!

MARC

LEADER 00000nam^a2200000^a^4500
001 000165498
005 20250521000000.0
009 20260310101021.849
020 |a 958-600-972-6 
037 |a Acervo ITESO - Biblioteca 
041 |a ESP 
082 |a 658. 84  |b PEL 
100 |a Pelton, Lou E.  |e (autor) 
245 1 0 |a Canales de marketing y distribución comercial :  |b el más práctico y efectivo sistema gerencial pra el manejo integrado y relacional de los canales de marketing /  |c L.E. Pelton, D. Strutton, J.R. Lumpkin ; tr. por Gladys Arango Medina. 
264 4 |a Bogotá, Colombia :  |b McGraw-Hill :  |b Irwin,  |c 1999, c1999 
300 |a XXV, 542 p. 
336 |a texto  |b txt  |2 rdacontenido 
337 |a sin mediación  |b n  |2 rdamedio 
338 |a volumen  |b nc  |2 rdasoporte 
500 |a Traducción de: Marketing Channels 
649 |a XX 
650 |a Canales de Distribución -  |x Tema Principal 
650 |a Distribución del Producto 
650 |a Mezcla de Mercadotecnia -  |x Tema Principal 
650 |a Proceso Administrativo -  |x Dirección 
650 |a Mercadotecnia 
650 |a Ciencias Administrativas 
700 |a Strutton, David  |e (autor) 
700 |a Lumpkin, James R.  |e (autor) 
910 |a Fondo General 
920 |a Impresos - Libros 
930 |a Colección General 
905 |a 101 
901 |a 0500168646  |b IT1  |c ACC  |u 20250521 
901 |a 0500168649  |b IT1  |c ACC  |u 20250521 
902 |a https://opac.biblio.iteso.mx/vufind/Record/000165498